000 01109cam a22003131 4500
001 gs 65000295
003 DLC
005 20260227111417.0
008 880829s1965 utuab 000 0 eng
010 _ags 65000295
035 _a(OCoLC)20469393
040 _aDLC
_cUPB
_dU
_dDLC
042 _apremarc
043 _an-us-ut
050 0 0 _aQE169
_b.A3 no. 74
086 0 _aN 3300.71: Bul/74
_2utdocs
245 1 0 _aDrilling records for oil and gas in Utah, January 1, 1954-December 31,1963 /
_cCompiled by Edgar B. Heylmun, Robert E. Cohenour [and] Robert B. Kayser.
260 _aSalt Lake City :
_bUtah Geological and Mineralogical Survey,
_c1965.
300 _a518 p. :
_bill., maps ;
_c23 cm.
490 1 _aBulletin / Utah Geological and Mineral Survey ;
_v74
650 0 _aBorings
_zUtah.
650 0 _aPetroleum
_zUtah.
650 0 _aNatural gas
_zUtah.
700 1 _aHeylmun, Edgar B.
_q(Edgar Baldwin)
700 1 _aCohenour, Robert E.
700 1 _aKayser, Robert B.
710 1 _aUtah.
_bOil and Gas Conservation Commission.
830 0 _aBulletin (Utah Geological and Mineral Survey) ;
_v74
999 _c30063
_d30063